000
00319nam a22001457a 4500
008
210527b ||||| |||| 00| 0 eng d
020
_a
3540113738
041
_a
eng
080
_a
621
082
_a
621
100
_a
26
101
_a
MEK
245
_a
Cyclic and Event Stratification
_c
G. Einsele
942
_2
udc
_c
BK
999
_c
57744
_d
57744